| 000 | 00659nam a2200241Ia 4500 | ||
|---|---|---|---|
| 003 | OSt | ||
| 005 | 20221005073514.0 | ||
| 006 | a|||||r|||| 00| 0 | ||
| 007 | ta | ||
| 008 | 221004b |||||||| |||| 00| 0 eng d | ||
| 024 | _a120 | ||
| 037 | _cTextual | ||
| 040 |
_aCRL _cCRL _beng |
||
| 041 |
_2eng _aeng |
||
| 082 | _aR66x91,1, N2 | ||
| 100 |
_aMadhusudana Sarasvati _982884 |
||
| 245 | 0 |
_aAdvaita-siddhih _b Sections on mithyatva |
|
| 260 |
_aNew Delhi _bIndian Council of Philosophy _c1992 |
||
| 300 |
_a192p _ccm. |
||
| 650 | _aPHILOSOPHY | ||
| 942 |
_hR66x91,1, N2 _cTEXL _2cc |
||
| 999 |
_c981266 _d981266 |
||